[Event "79th ch-ESP 2014"]
[Site "Linares ESP"]
[Date "2014.08.30"]
[Round "6.2"]
[White "Ibarra Jerez, Jose Carlos"]
[Black "Del Rio De Angelis, Salvador G."]
[Result "1/2-1/2"]
[WhiteTitle "GM"]
[BlackTitle "GM"]
[WhiteElo "2521"]
[BlackElo "2529"]
[WhiteFideId "2226332"]
[BlackFideId "2203138"]
[EventDate "2014.08.25"]

1. e4 Nf6 2. e5 Nd5 3. d4 d6 4. Nf3 Bg4 5. Be2 e6 6. O-O Be7 7. c4 Nb6 8. Be3
O-O 9. Nc3 a6 10. Qb3 N8d7 11. a4 a5 12. exd6 cxd6 13. h3 Bh5 14. Qb5 Bg6 15. b4
axb4 16. Qxb4 Rb8 17. a5 Na8 18. Qb3 Nc7 19. Rfd1 Na6 20. Qb5 Qc8 21. Bf4 Nc7
22. Qb4 Na6 23. Qa3 Qc6 24. d5 Qc5 25. dxe6 fxe6 26. Bxd6 Bxd6 27. Rxd6 Qxa3 28.
Rxa3 Nac5 29. Nb5 Nf6 30. Re3 Nfe4 31. Rd4 Ra8 32. Ne5 Nf6 33. Nxg6 hxg6 34. Nc7
Rxa5 35. Nxe6 Re8 36. Nxc5 Rxe3 37. fxe3 Rxc5 38. Bd3 g5 39. Kf2 Kf7 40. Rd6 Rc7
41. e4 Rd7 42. e5 Rxd6 43. exd6 Ke6 44. Ke3 Kxd6 45. Kd4 b6 46. Be2 Ke6 47. Bf3
Kd6 48. Be2 Ke6 49. Bf3 Kd6 50. Be2 Ke6 1/2-1/2

[Event "79th ch-ESP 2014"]
[Site "Linares ESP"]
[Date "2014.08.30"]
[Round "6.3"]
[White "Teran Alvarez, Ismael"]
[Black "Salgado Lopez, Ivan"]
[Result "1/2-1/2"]
[WhiteTitle "IM"]
[BlackTitle "GM"]
[WhiteElo "2388"]
[BlackElo "2620"]
[WhiteFideId "2204177"]
[BlackFideId "2257327"]
[EventDate "2014.08.25"]

1. c4 e5 2. g3 Nc6 3. Bg2 Bc5 4. Nc3 a6 5. Nf3 d6 6. d3 h6 7. e3 Nf6 8. O-O O-O
9. a3 Ba7 10. b4 Bf5 11. Bb2 Qd7 12. Rc1 Rac8 13. d4 exd4 14. Nd5 Nxd5 15. cxd5
Ne5 16. Bxd4 Bxd4 17. Qxd4 Nxf3+ 18. Bxf3 Bh3 19. Rfd1 f5 20. Rc3 Bg4 21. Bxg4
fxg4 22. Rc4 h5 23. Rdc1 Rf7 24. Qe4 Qb5 25. Qd4 Re7 26. Qd1 Qe8 27. Qd3 g6 28.
R1c3 Kh7 29. Qc2 Qf7 30. Re4 Rxe4 31. Qxe4 Kh6 32. a4 Re8 33. Rxc7 Rxe4 34. Rxf7
Rxb4 35. Rd7 a5 36. Rxd6 Rxa4 37. Rb6 Rb4 38. Rxb4 axb4 39. d6 b3 40. d7 b2 41.
d8=Q b1=Q+ 42. Kg2 Qe4+ 43. Kf1 Qc4+ 1/2-1/2

[Event "79th ch-ESP 2014"]
[Site "Linares ESP"]
[Date "2014.08.30"]
[Round "6.4"]
[White "Vazquez Igarza, Renier"]
[Black "Matnadze, Ana"]
[Result "1/2-1/2"]
[WhiteTitle "GM"]
[BlackTitle "IM"]
[WhiteElo "2603"]
[BlackElo "2385"]
[WhiteFideId "3503054"]
[BlackFideId "13601377"]
[EventDate "2014.08.25"]

1. d4 Nf6 2. c4 e6 3. Nc3 Bb4 4. Nf3 b6 5. Qc2 Bb7 6. a3 Bxc3+ 7. Qxc3 Ne4 8.
Qc2 f5 9. g3 O-O 10. Bg2 Nf6 11. O-O Be4 12. Qc3 a5 13. b3 Qe7 14. Bb2 d6 15.
Rfe1 Nbd7 16. Rad1 c5 17. Qd2 Rfd8 18. dxc5 Nxc5 19. b4 Na4 20. Bxf6 Qxf6 21.
Nd4 Bxg2 22. Kxg2 d5 23. Nc6 Rd6 24. cxd5 Nc3 25. Rc1 axb4 26. axb4 Nxd5 27. e4
fxe4 28. Rxe4 Rf8 29. Ne5 Nc3 30. Qxd6 Nxe4 31. Qd4 Qxf2+ 32. Qxf2 Rxf2+ 33. Kg1
Rf8 34. Rc6 Nf6 35. Rxb6 Nd5 36. Rb7 Ne3 37. h4 h5 38. b5 Rf1+ 39. Kh2 Rf2+ 40.
Kg1 Rf1+ 41. Kh2 Rf2+ 42. Kg1 Rf5 43. Nd3 Rf1+ 44. Kh2 Ng4+ 45. Kg2 Ne3+ 46. Kh2
Ng4+ 47. Kg2 1/2-1/2

[Event "79th ch-ESP 2014"]
[Site "Linares ESP"]
[Date "2014.08.30"]
[Round "6.5"]
[White "Arribas Lopez, Angel"]
[Black "Alvarez Fernandez, Enrique"]
[Result "1-0"]
[WhiteTitle "IM"]
[BlackTitle "FM"]
[WhiteElo "2503"]
[BlackElo "2355"]
[WhiteFideId "2283352"]
[BlackFideId "2227398"]
[EventDate "2014.08.25"]

1. e4 c5 2. Nc3 d6 3. f4 Nc6 4. Nf3 g6 5. Bc4 Bg7 6. O-O Nf6 7. d3 O-O 8. Qe1
Nd4 9. Bb3 Be6 10. Bxe6 fxe6 11. Qd1 Nh5 12. Ng5 Bh6 13. Nh3 e5 14. f5 Bxc1 15.
Rxc1 e6 16. fxe6 Rxf1+ 17. Kxf1 Nxe6 18. Qg4 Nc7 19. Kg1 Qc8 20. Qg5 Qd8 21. Rf1
Kg7 22. Qg4 Nf6 23. Qh4 h6 24. Nd1 Qe7 25. Rf3 Ng8 26. Qg3 Rf8 27. Ne3 Rxf3 28.
gxf3 Kh7 29. f4 exf4 30. Nxf4 Qf6 31. c3 Ne7 32. Ng4 Qf7 33. b3 Ne6 34. Ne2 Nc8
35. Ne3 Ng5 36. Kg2 Ne6 37. h4 Ng7 38. Nd5 Nh5 39. Qg4 Nb6 40. Ne3 Nd7 41. Nc4
Qe7 42. a4 Ne5 43. Nxe5 dxe5 44. Kf3 Nf6 45. Qc8 Nh5 46. a5 Qf6+ 47. Ke3 Qe7 48.
b4 cxb4 49. cxb4 Ng7 50. b5 Ne6 51. Nc3 Nd4 52. b6 axb6 53. axb6 Qf7 54. Qc7 Kg8
55. Qxe5 Nc2+ 56. Ke2 Qd7 57. Nd5 1-0

[Event "79th ch-ESP 2014"]
[Site "Linares ESP"]
[Date "2014.08.30"]
[Round "6.6"]
[White "Espineira Gonzalez, Diego"]
[Black "Larino Nieto, David"]
[Result "1-0"]
[WhiteTitle "IM"]
[BlackTitle "GM"]
[WhiteElo "2360"]
[BlackElo "2432"]
[WhiteFideId "2229498"]
[BlackFideId "2256444"]
[EventDate "2014.08.25"]

1. e4 c6 2. d4 d5 3. Nd2 dxe4 4. Nxe4 Nf6 5. Nxf6+ exf6 6. c3 Bd6 7. Bd3 O-O 8.
Be3 Re8 9. Qc2 g6 10. O-O-O Be6 11. c4 b5 12. c5 Bf8 13. Ne2 f5 14. Nf4 Na6 15.
d5 Bxd5 16. Bxb5 Nb4 17. Qd2 Nxa2+ 18. Kb1 Rb8 19. Ba4 Bg7 20. Nxd5 Qh4 21. Bd4
Re4 22. Bxg7 cxd5 23. Bc2 Nb4 24. Bd4 Nxc2 25. Kxc2 Rbe8 26. Kb1 a5 27. f3 Re2
28. Qd3 a4 29. Bc3 a3 30. Qd4 Qxd4 31. Rxd4 axb2 32. Rhd1 Rxg2 33. Rxd5 f6 34.
Rd8 1-0

[Event "79th ch-ESP 2014"]
[Site "Linares ESP"]
[Date "2014.08.30"]
[Round "6.7"]
[White "Fernandez Garcia, Jose Miguel"]
[Black "Vega Gutierrez, Sabrina"]
[Result "1-0"]
[WhiteTitle "FM"]
[BlackTitle "IM"]
[WhiteElo "2353"]
[BlackElo "2395"]
[WhiteFideId "22200070"]
[BlackFideId "2219026"]
[EventDate "2014.08.25"]

1. e4 e5 2. Nf3 d6 3. d4 exd4 4. Nxd4 Nf6 5. Nc3 Be7 6. Be2 O-O 7. Bf4 Re8 8.
Qd2 c6 9. O-O-O b5 10. Bf3 Qb6 11. e5 dxe5 12. Bxe5 Bg4 13. Bxf6 Bxf3 14. Rde1
gxf6 15. gxf3 Nd7 16. Nf5 Qd8 17. Qh6 Bf8 18. Reg1+ Kh8 19. Rg7 1-0

[Event "79th ch-ESP 2014"]
[Site "Linares ESP"]
[Date "2014.08.30"]
[Round "6.8"]
[White "Anton Guijarro, David"]
[Black "Pallardo Lozoya, Jose Vicente"]
[Result "1-0"]
[WhiteTitle "GM"]
[BlackTitle "FM"]
[WhiteElo "2624"]
[BlackElo "2387"]
[WhiteFideId "2285525"]
[BlackFideId "2230380"]
[EventDate "2014.08.25"]

1. e4 e6 2. d4 d5 3. Nd2 c5 4. exd5 exd5 5. Ngf3 Nf6 6. Bb5+ Bd7 7. Bxd7+ Nbxd7
8. O-O Be7 9. dxc5 Nxc5 10. Nb3 O-O 11. c3 Re8 12. Be3 Rc8 13. Re1 h6 14. h3 Bf8
15. Qc2 Qd7 16. Rad1 Qa4 17. Nfd4 Nce4 18. Nc1 Qa6 19. Qb3 Nd6 20. Nd3 Nc4 21.
Bc1 Re4 22. Qb5 Qxb5 23. Nxb5 a6 24. Nd4 Rce8 25. Kf1 Ne5 26. Nxe5 R8xe5 27. Be3
Re8 28. Nc2 Bd6 29. Bd4 Be5 30. Bxe5 R4xe5 31. Ne3 Kf8 32. Rd4 Ne4 33. g4 Ng5
34. Kg2 Ne6 35. Rb4 b5 36. Rd1 Rd8 37. a4 bxa4 38. Rxa4 Rb8 39. Rd2 Rb6 40. Kf1
g5 41. Nxd5 Rd6 42. Ra5 Kg7 43. c4 Rc6 44. b3 Nc5 45. Ra3 Rce6 46. Ne3 Rb6 47.
Nf5+ Kg6 48. Rd6+ Rxd6 49. Nxd6 Re6 50. b4 Rxd6 51. bxc5 Re6 52. Rb3 Kf6 53. Rb6
Ke7 54. c6 a5 55. Ra6 Re5 56. c7 Rc5 57. Rxa5 Rxc7 58. Re5+ Kd6 59. Re4 Rc5 60.
Kg2 f5 61. gxf5 Rxf5 62. h4 gxh4 63. Rxh4 h5 64. Re4 Kc5 65. f4 Kb4 66. Kf3 Rf8
67. Kg3 Rf7 68. Re5 Kxc4 69. Rxh5 Kd4 70. Ra5 Rf8 71. f5 Ke4 72. Kg4 Rg8+ 73.
Kh5 Kf4 74. f6 Ke4 75. f7 Rf8 1-0

[Event "79th ch-ESP 2014"]
[Site "Linares ESP"]
[Date "2014.08.30"]
[Round "6.9"]
[White "Espinosa Aranda, Angel"]
[Black "Perez Candelario, Manuel"]
[Result "1/2-1/2"]
[WhiteTitle "IM"]
[BlackTitle "GM"]
[WhiteElo "2385"]
[BlackElo "2575"]
[WhiteFideId "2278189"]
[BlackFideId "2210622"]
[EventDate "2014.08.25"]

1. e4 c5 2. Nf3 e6 3. d4 cxd4 4. Nxd4 a6 5. Nc3 Qc7 6. Be2 b5 7. O-O Bb7 8. Re1
Bd6 9. g3 Bc5 10. Bf3 Nc6 11. Nxc6 Qxc6 12. Nd5 Ne7 13. Bf4 Nxd5 14. exd5 Qb6
15. dxe6 dxe6 16. Bxb7 Qxb7 17. Qh5 Qb6 18. Be3 Bxe3 19. Rxe3 O-O 20. Rd1 b4 21.
Red3 Rac8 22. Rd6 Qc5 23. Qxc5 Rxc5 24. Rxa6 Rxc2 25. b3 g5 26. Rd4 Rb8 27. Ra5
h6 28. h4 gxh4 29. Rxh4 Kg7 30. Rg4+ Kf6 31. Rf4+ Kg6 32. Rg4+ Kf6 33. Rf4+ Kg6
34. Rg4+ Kf6 35. Rf4+ 1/2-1/2

[Event "79th ch-ESP 2014"]
[Site "Linares ESP"]
[Date "2014.08.30"]
[Round "6.10"]
[White "Lopez Martinez, Josep Manuel"]
[Black "Andres Gonzalez, Ivan"]
[Result "1-0"]
[WhiteTitle "GM"]
[BlackTitle "FM"]
[WhiteElo "2549"]
[BlackElo "2354"]
[WhiteFideId "2212943"]
[BlackFideId "2217783"]
[EventDate "2014.08.25"]

1. d4 d5 2. c4 c6 3. Nf3 Nf6 4. Nc3 a6 5. e3 g6 6. c5 Bg7 7. Ne5 Nfd7 8. f4 f6
9. Nf3 e5 10. e4 exd4 11. Qxd4 Qe7 12. Be3 f5 13. e5 Nf8 14. Na4 Nbd7 15. Qc3
Ne6 16. h4 b5 17. cxb6 c5 18. Qb3 Bb7 19. O-O-O c4 20. Qc2 O-O 21. Nc3 Ndc5 22.
Nxd5 Bxd5 23. Rxd5 Rac8 24. Bxc4 Ne4 25. Kb1 Qb4 26. Rc1 Kh8 27. Qb3 1-0

[Event "79th ch-ESP 2014"]
[Site "Linares ESP"]
[Date "2014.08.30"]
[Round "6.11"]
[White "Arizmendi Martinez, Julen Luis"]
[Black "Sanchez Aller, Fernando"]
[Result "1/2-1/2"]
[WhiteTitle "GM"]
[BlackTitle "FM"]
[WhiteElo "2544"]
[BlackElo "2352"]
[WhiteFideId "2205092"]
[BlackFideId "2222892"]
[EventDate "2014.08.25"]

1. d4 Nf6 2. c4 e6 3. Nf3 b6 4. g3 Ba6 5. b3 Bb7 6. Bg2 Bb4+ 7. Bd2 c5 8. Bxb4
cxb4 9. O-O O-O 10. a3 a5 11. axb4 axb4 12. Rxa8 Bxa8 13. Nbd2 b5 14. cxb5 Qb6
15. Qa1 Bxf3 16. Bxf3 Qxb5 17. Rc1 d5 18. Rc5 Qb6 19. e4 Nbd7 20. Qa5 Qxa5 21.
Rxa5 dxe4 22. Nxe4 Nxe4 23. Bxe4 Rb8 24. Kf1 Kf8 25. Ke2 Rc8 26. Ra4 Nf6 27. Ra8
Rxa8 28. Bxa8 Ne8 29. Kd3 Nd6 30. f4 f6 31. Bf3 h6 1/2-1/2

[Event "79th ch-ESP 2014"]
[Site "Linares ESP"]
[Date "2014.08.30"]
[Round "6.12"]
[White "Santos Latasa, Jaime"]
[Black "Santos Ruiz, Miguel"]
[Result "1/2-1/2"]
[WhiteTitle "FM"]
[BlackTitle "FM"]
[WhiteElo "2487"]
[BlackElo "2306"]
[WhiteFideId "2293307"]
[BlackFideId "22291482"]
[EventDate "2014.08.25"]

1. c4 c5 2. Nc3 g6 3. Nf3 Bg7 4. g3 Nc6 5. Bg2 d6 6. O-O e6 7. a3 Nge7 8. b4 b6
9. Bb2 Bb7 10. Qb3 Qd7 11. Ne4 e5 12. d3 O-O 13. e3 h6 14. Rad1 Rfe8 15. Rfe1 f5
16. Nc3 Kh7 17. Nd5 Nxd5 18. cxd5 Ne7 19. e4 a5 20. bxc5 bxc5 21. Qc2 Reb8 22.
Bc3 a4 23. Nd2 Ba6 24. Rb1 Qe8 25. h4 h5 26. Rxb8 Rxb8 27. Kh2 Bh6 28. Nc4 Qd7
29. Rb1 Rxb1 30. Qxb1 fxe4 31. Bxe4 Nf5 32. Kg2 Bxc4 33. dxc4 Nxh4+ 34. gxh4
Qg4+ 35. Kh1 Qh3+ 36. Kg1 Qxc3 37. Bxg6+ Kg7 38. Qf5 Qc1+ 39. Kg2 Qf4 40. Qxh5
Qxc4 41. Bf7 Qe4+ 42. Kf1 Qb1+ 1/2-1/2

[Event "79th ch-ESP 2014"]
[Site "Linares ESP"]
[Date "2014.08.30"]
[Round "6.13"]
[White "Navarro Lopez-Menchero, Daniel"]
[Black "Rubio Mejia, Luis Ignacio"]
[Result "1-0"]
[WhiteTitle "FM"]
[BlackTitle "IM"]
[WhiteElo "2135"]
[BlackElo "2470"]
[WhiteFideId "2297370"]
[BlackFideId "2281228"]
[EventDate "2014.08.25"]

1. e4 c5 2. Nf3 e6 3. d4 cxd4 4. Nxd4 Nc6 5. Nc3 Qc7 6. Be2 a6 7. O-O Nf6 8. Qd3
Nxd4 9. Qxd4 Bc5 10. Qd3 b5 11. Bf3 Rb8 12. g3 d6 13. Bf4 Nd7 14. a4 b4 15. Ne2
Ne5 16. Bxe5 dxe5 17. c4 bxc3 18. Qxc3 Bd6 19. Qxc7 Bxc7 20. Rab1 Bd6 21. b3 Ke7
22. Nc1 Bd7 23. Be2 a5 24. Na2 Rhc8 25. Bd3 Rc7 26. Rfc1 Rcb7 27. Bc2 Bc5 28.
Bd1 Bd4 29. Nc3 Bxc3 30. Rxc3 Bxa4 31. Ra1 Bxb3 32. Bxb3 Rxb3 33. Rxb3 Rxb3 34.
Rxa5 Rb4 35. f3 Rb1+ 36. Kg2 Rb2+ 37. Kh3 Rf2 38. Rxe5 Rxf3 39. Ra5 Kf6 40. Kg4
Rf1 41. h4 Re1 42. Kf3 g6 43. Rb5 h6 44. Ra5 Rb1 45. e5+ Kg7 46. Rc5 Rb3+ 47.
Kf4 Rd3 48. Ra5 Kf8 49. Ra8+ Kg7 50. Ra5 Rd8 51. Rb5 Kf8 52. Rb7 Rd4+ 53. Ke3
Rd5 54. Kf4 Kg7 55. Ra7 Rb5 56. Rc7 g5+ 57. hxg5 hxg5+ 58. Kxg5 Rxe5+ 59. Kf4
Ra5 60. g4 Kf6 61. Rc4 Ra1 62. Rc5 Ra4+ 63. Kf3 Kg6 64. Rb5 f6 65. Rb8 Ra3+ 66.
Ke4 Rg3 67. Kf4 Rg1 68. Kf3 e5 69. Rg8+ Kf7 70. Ra8 Rb1 71. Rc8 Rb3+ 72. Kf2 Kg6
73. Rg8+ Kh6 74. Kg2 Rb7 75. Kf3 Rg7 76. Rh8+ Kg6 77. Ra8 Rd7 78. Rg8+ Kf7 79.
Ra8 Rd3+ 80. Kf2 Ke6 81. Re8+ Kd7 82. Rf8 Ke7 83. Ra8 Rd8 84. Ra5 Ke6 85. Kf3
Re8 86. Ke4 Rg8 87. Ra6+ Kf7 88. Kf3 Kg6 89. Kg3 Rb8 90. Kh4 Rb3 91. Ra8 Rf3 92.
Ra4 Rf4 93. Ra6 Re4 94. Rb6 1-0

[Event "79th ch-ESP 2014"]
[Site "Linares ESP"]
[Date "2014.08.30"]
[Round "6.14"]
[White "Antoli Royo, Joaquin Miguel"]
[Black "Escudero Manzano, Alejandro"]
[Result "0-1"]
[WhiteTitle "IM"]
[WhiteElo "2428"]
[BlackElo "2283"]
[WhiteFideId "2259532"]
[BlackFideId "2238004"]
[EventDate "2014.08.25"]

1. e4 c5 2. Nf3 Nc6 3. Bb5 Nf6 4. Bxc6 dxc6 5. d3 g6 6. h3 Bg7 7. Nc3 Nd7 8. Be3
e5 9. Qd2 h6 10. O-O Qe7 11. Nh2 Nf8 12. f4 exf4 13. Bxf4 Ne6 14. Bg3 O-O 15. e5
Qg5 16. Qe1 Nd4 17. Ne4 Qe7 18. Qd2 Bf5 19. Rae1 Bxe4 20. Rxe4 h5 21. a3 Qd7 22.
Bh4 Rae8 23. Bf6 Nf5 24. Bxg7 Kxg7 25. Qg5 Rxe5 26. Nf3 Rxe4 27. dxe4 f6 28. Qf4
Qd6 29. Qc1 Ng3 30. Re1 Re8 31. e5 fxe5 32. Qg5 Nf5 33. Nd2 Qd4+ 34. Kh2 e4 35.
c3 Qe5+ 36. Kg1 e3 37. Nf3 Qe4 38. Rd1 Re7 39. Rd8 e2 40. Ne1 Rf7 41. Rd2 h4 0-1

[Event "79th ch-ESP 2014"]
[Site "Linares ESP"]
[Date "2014.08.30"]
[Round "6.15"]
[White "Collado Barbas, Laura"]
[Black "Alexandrova, Olga"]
[Result "0-1"]
[WhiteTitle "WFM"]
[BlackTitle "IM"]
[WhiteElo "2117"]
[BlackElo "2424"]
[WhiteFideId "2294907"]
[BlackFideId "14102463"]
[EventDate "2014.08.25"]

1. d4 e6 2. c4 Bb4+ 3. Nc3 c5 4. dxc5 Bxc3+ 5. bxc3 Qa5 6. Qd4 Nf6 7. Bd2 Nc6 8.
Qe3 O-O 9. Nf3 Ng4 10. Qf4 f5 11. h3 Nf6 12. g4 Qxc5 13. gxf5 e5 14. Qh4 e4 15.
Nd4 Nxd4 16. cxd4 Qxd4 17. Rc1 d5 18. Rg1 Qe5 19. cxd5 Bxf5 20. Qg5 Nxd5 21. e3
Rac8 22. Bc4 Rf7 23. Ke2 Re8 24. Bb5 Nf4+ 25. Qxf4 Qxb5+ 26. Ke1 Bxh3 27. Qg3
Bf5 28. Bc3 Bg6 29. Qh4 Bh5 0-1

[Event "79th ch-ESP 2014"]
[Site "Linares ESP"]
[Date "2014.08.30"]
[Round "6.16"]
[White "Suarez Garcia, Carlos"]
[Black "Gavilan Diaz, Mario"]
[Result "1-0"]
[WhiteTitle "FM"]
[BlackTitle "FM"]
[WhiteElo "2400"]
[BlackElo "2291"]
[WhiteFideId "22230858"]
[BlackFideId "2260905"]
[EventDate "2014.08.25"]

1. d4 Nf6 2. c4 b6 3. f3 e6 4. e4 d5 5. e5 Ng8 6. cxd5 exd5 7. Nc3 Be6 8. Bd3
Ne7 9. Nge2 Nf5 10. O-O h5 11. Nxd5 Nxd4 12. Nxc7+ Qxc7 13. Nxd4 Bc5 14. Be3
Qxe5 15. Kh1 Nd7 16. Nxe6 Bxe3 17. Nxg7+ Qxg7 18. Re1 Qd4 19. Qe2 O-O 20. Rad1
Rae8 21. Bh7+ Kxh7 22. Rxd4 Bxd4 23. Qd3+ Kg8 24. Rxe8 Rxe8 25. g3 Bxb2 26. Qxd7
Re2 27. Qxa7 Bd4 28. Qa8+ Kg7 29. Qd5 Bc5 30. a4 Re1+ 31. Kg2 Re2+ 32. Kf1 Rf2+
33. Ke1 Rxh2 34. Kd1 Rh1+ 35. Kc2 Rh2+ 36. Kb3 Be7 37. g4 Rh1 38. g5 Kf8 39. Qe5
Bc5 40. a5 Bf2 41. a6 b5 42. Qf6 Rb1+ 43. Kc2 Rg1 44. Qh6+ Ke7 45. Qxh5 Be3 46.
Qh4 Bc5 47. g6+ Ke6 48. Qe4+ Kd7 49. Qd5+ 1-0

[Event "79th ch-ESP 2014"]
[Site "Linares ESP"]
[Date "2014.08.30"]
[Round "6.17"]
[White "Gonzalez De La Torre, Santiago"]
[Black "Saenz Narciso, Miguel Angel"]
[Result "1-0"]
[WhiteTitle "IM"]
[WhiteElo "2466"]
[BlackElo "2192"]
[WhiteFideId "2221667"]
[BlackFideId "2251256"]
[EventDate "2014.08.25"]

1. d4 Nf6 2. c4 c5 3. d5 b5 4. cxb5 a6 5. e3 g6 6. Nc3 d6 7. a4 Bg7 8. Nf3 O-O
9. Ra3 Ne8 10. Qb3 axb5 11. axb5 Bb7 12. Be2 Nd7 13. O-O Nb6 14. e4 Nc7 15. Be3
e6 16. dxe6 fxe6 17. Ng5 Qe7 18. Rxa8 Rxa8 19. Bg4 d5 20. exd5 exd5 21. Nge4 c4
22. Qd1 d4 23. Bxd4 Rd8 24. Bc5 Rxd1 25. Bxe7 Rxf1+ 26. Kxf1 Nxb5 27. Be6+ Kh8
28. Nxb5 Bxe4 29. Nc3 Bd3+ 30. Ke1 Bd4 31. Bf8 h5 32. h4 Kh7 33. g3 Na8 34. Bf7
Nb6 35. Be6 Na8 36. Be7 Nc7 37. Bd7 Kg7 38. Bg5 Kf7 39. Be3 Ke7 40. Bh3 Bxc3+
41. bxc3 Nd5 42. Bc5+ Kf7 43. Kd2 Kf6 44. Bd4+ Kf7 45. Kc1 Ke7 46. Kb2 Nc7 47.
Ka3 Kd6 48. Kb4 Nd5+ 49. Kb5 Nc7+ 50. Kb6 Nd5+ 51. Kb7 Ne7 52. Bg2 Bf5 53. Kb6
Nd5+ 54. Kb5 Bd3 55. Bg7 Nc7+ 56. Kb6 Nd5+ 57. Kb7 Bf5 58. Bf3 Bd3 59. Kc8 Bf5+
60. Kd8 Ke6 61. Bd1 Bd3 62. Ba4 Kf5 63. Bd7+ Ke4 64. Bc6 Be2 65. Kd7 Bf3 66. Kd6 1-0

[Event "79th ch-ESP 2014"]
[Site "Linares ESP"]
[Date "2014.08.30"]
[Round "6.18"]
[White "Torres Ventosa, Pedro Eugenio"]
[Black "Rodriguez Garcia, Manuel Fco"]
[Result "1/2-1/2"]
[WhiteTitle "FM"]
[WhiteElo "2334"]
[BlackElo "2158"]
[WhiteFideId "2280663"]
[BlackFideId "2218178"]
[EventDate "2014.08.25"]

1. d4 Nf6 2. Bg5 e6 3. e4 c5 4. Bxf6 Qxf6 5. c3 cxd4 6. cxd4 Nc6 7. Nf3 Bb4+ 8.
Nc3 d6 9. Bb5 O-O 10. O-O Bxc3 11. bxc3 e5 12. h3 exd4 13. cxd4 Qg6 14. d5 Ne7
15. Qd3 a6 16. Ba4 b5 17. Bb3 Bd7 18. Nd4 Kh8 19. f4 Rfe8 20. Rae1 Ng8 21. Qf3
f6 22. f5 Qf7 23. Qg3 Qe7 24. Ne6 Bxe6 25. dxe6 Red8 26. Rd1 a5 27. Bd5 Rac8 28.
Rf3 Qa7+ 29. Qf2 Rc5 30. Rfd3 Ne7 31. Bb3 a4 32. Bc2 Qc7 33. R3d2 h6 34. Bd3 Kh7
35. Bf1 b4 36. Qg3 Rc3 37. Rd3 Qc5+ 38. Kh2 d5 39. e5 Nxf5 40. Rxc3 Qxc3 41. Bd3
g6 42. Bxf5 gxf5 43. exf6 Qxf6 44. Qc7+ Kg6 45. e7 Re8 46. Rxd5 Rxe7 47. Qb8 Kg7
48. Qxb4 Qe6 49. Ra5 Rd7 50. Qc3+ Qf6 51. Qg3+ Qg6 52. Rxa4 Qxg3+ 53. Kxg3 Kf6
54. Kf4 Rd2 55. Ra6+ Kg7 56. g3 Rf2+ 57. Ke3 Rf1 58. a4 Ra1 59. a5 Ra4 60. Ra8
h5 61. h4 Kh7 62. a6 Kg7 63. Kd2 f4 64. gxf4 Rxf4 65. Rb8 Ra4 66. Rb6 Rxh4 67.
Kc3 Ra4 68. Kb3 Ra1 69. Rb7+ Kg6 70. Rb6+ Kg5 71. Kb4 Kg4 72. Rg6+ Kf4 73. Kb5
h4 74. Rh6 Kg3 75. Rg6+ Kf3 76. Rh6 Kg3 77. Kb6 Rxa6+ 78. Kxa6 h3 79. Rg6+ Kf2
80. Rf6+ Kg2 81. Rg6+ Kf2 82. Kb5 h2 83. Rf6+ Kg2 84. Rg6+ Kf2 85. Rh6 Kg2 86.
Kc4 h1=Q 87. Rxh1 Kxh1 1/2-1/2

[Event "79th ch-ESP 2014"]
[Site "Linares ESP"]
[Date "2014.08.30"]
[Round "6.19"]
[White "Aranaz Murillo, Amalia"]
[Black "Perez Garcia, Alejandro"]
[Result "0-1"]
[WhiteTitle "WIM"]
[WhiteElo "2314"]
[BlackElo "2093"]
[WhiteFideId "22200371"]
[BlackFideId "32041543"]
[EventDate "2014.08.25"]

1. Nf3 d6 2. d4 Nf6 3. g3 Nbd7 4. c4 e5 5. Nc3 c6 6. Bg2 Be7 7. O-O O-O 8. b3
Re8 9. Bb2 a6 10. Qc2 Bf8 11. Rfd1 e4 12. Ng5 d5 13. Nh3 b5 14. f3 exf3 15. exf3
bxc4 16. bxc4 Nb6 17. cxd5 cxd5 18. Nf4 Nc4 19. Ncxd5 Nxd5 20. Nxd5 Qxd5 21. f4
Bf5 22. Bxd5 Bxc2 23. Rdc1 Rab8 24. Bxc4 Rxb2 25. Bxa6 Rd8 0-1

[Event "79th ch-ESP 2014"]
[Site "Linares ESP"]
[Date "2014.08.30"]
[Round "6.20"]
[White "Trigo Urquijo, Sergio"]
[Black "Suarez Triguero, Jose Alfonso"]
[Result "1-0"]
[WhiteElo "2274"]
[BlackElo "2084"]
[WhiteFideId "2262436"]
[BlackFideId "2231204"]
[EventDate "2014.08.25"]

1. d4 Nf6 2. c4 d6 3. Nc3 e5 4. Nf3 Nbd7 5. e4 Be7 6. Be2 O-O 7. O-O Re8 8. Qc2
c6 9. Rd1 Qc7 10. Be3 Bf8 11. Rac1 a6 12. a3 g6 13. b4 Bg7 14. dxe5 dxe5 15. c5
Ng4 16. Bd2 Nf8 17. h3 Nf6 18. Na4 Be6 19. Bc3 N6d7 20. Ng5 Bf6 21. Nxe6 Nxe6
22. Bg4 Rad8 23. Bxe6 Rxe6 24. Nb2 b5 25. cxb6 Nxb6 26. Nd3 Nd7 27. Qa4 Qb6 28.
Bb2 Bg5 29. Rc4 Qb5 30. Qc2 Nb6 31. Rc5 Qa4 32. Kf1 Red6 33. Ke2 Qxc2+ 34. Rxc2
f6 35. f3 Na4 36. Bc1 Bxc1 37. Rcxc1 Kf7 38. h4 Ke7 39. Nf2 Rxd1 40. Nxd1 Rc8
41. Ne3 Kd6 42. h5 g5 43. Rc2 Rc7 44. Kd3 Nb6 45. Nc4+ Nxc4 46. Kxc4 g4 47. Rd2+
Ke6 48. Kc5 gxf3 49. Rd6+ 1-0

[Event "79th ch-ESP 2014"]
[Site "Linares ESP"]
[Date "2014.08.30"]
[Round "6.21"]
[White "Lopez Mulet, Inigo"]
[Black "Sanchez Barbado, Carlos"]
[Result "1-0"]
[WhiteElo "2193"]
[BlackElo "2249"]
[WhiteFideId "22235620"]
[BlackFideId "2273012"]
[EventDate "2014.08.25"]

1. d4 f5 2. Nf3 e6 3. g3 Nf6 4. Bg2 Be7 5. O-O O-O 6. c4 d6 7. Nc3 a5 8. Re1 Ne4
9. Qc2 Nxc3 10. Qxc3 Nc6 11. e4 e5 12. d5 Nb8 13. Be3 b6 14. Nd2 Na6 15. b3 Bg5
16. exf5 Bxf5 17. Ne4 Bxe3 18. Qxe3 Nc5 19. a3 Nxe4 20. Bxe4 Bxe4 21. Qxe4 Qf6
22. Ra2 Qf3 23. Qxf3 Rxf3 24. Re3 Rxe3 25. fxe3 Rf8 26. Kg2 e4 27. Rf2 Rxf2+ 28.
Kxf2 Kf7 29. Ke2 Kf6 30. Kd2 Kf5 31. h3 h5 32. Kc2 Kf6 33. Kc3 Ke5 34. b4 axb4+
35. Kxb4 Kf6 36. Kb5 Ke7 37. a4 g6 38. a5 bxa5 39. Kxa5 Ke8 40. Kb5 Kd7 41. c5
Ke7 42. c6 1-0

[Event "79th ch-ESP 2014"]
[Site "Linares ESP"]
[Date "2014.08.30"]
[Round "6.22"]
[White "Navarrete Espi, Samuel"]
[Black "Arroyo Rodriguez, Jesus"]
[Result "1-0"]
[WhiteElo "2245"]
[BlackElo "2064"]
[WhiteFideId "2237725"]
[BlackFideId "2277760"]
[EventDate "2014.08.25"]

1. e4 e5 2. Nf3 Nc6 3. Bc4 Bc5 4. O-O Nf6 5. d4 Bxd4 6. Nxd4 Nxd4 7. f4 d6 8.
fxe5 dxe5 9. Bg5 Be6 10. Na3 Qd6 11. c3 Nc6 12. Qxd6 cxd6 13. Bxf6 gxf6 14. Rxf6
Ke7 15. Raf1 Nd8 16. Bd5 Rg8 17. Rh6 Rg7 18. Nc4 Rc8 19. Ne3 a5 20. g3 b5 21.
Nf5+ Bxf5 22. Rxf5 b4 23. c4 Ne6 24. Rxf7+ Rxf7 25. Bxe6 Rcf8 26. Bxf7 Rxf7 27.
c5 dxc5 28. Rc6 c4 29. Rxc4 Rf3 30. Rc5 Kd6 31. Rd5+ Ke6 32. Rxa5 Re3 33. Ra6+
Kd7 34. Ra4 Rxe4 35. a3 Re1+ 36. Kf2 Rh1 37. Kg2 Rd1 38. Rxb4 Ke6 39. Kf3 Kd5
40. h4 Rd3+ 41. Kf2 e4 42. h5 Rf3+ 43. Kg2 Rf7 44. b3 Rc7 45. g4 Rc2+ 46. Kg3
Rc3+ 47. Kf2 Rc2+ 48. Ke3 Rc3+ 49. Kd2 Rg3 50. g5 Ke5 51. a4 Kf4 52. a5 Rg2+ 53.
Kc3 Rg3+ 54. Kc4 Rxg5 55. a6 e3 56. a7 Ra5 57. Kd3+ Kg3 58. Ra4 Rxa4 59. bxa4 1-0